=LDR 00000nam 2200000 4500 =001 INLIS000000000000997 =005 20130612085419 =008 ***********************************Ind** =035 ##$$0010-061300000000997 =041 ##$$a Ind =082 ##$$a F.Rom.K =090 ##$$a F.Rom.K, Had m =100 ##$$a Hadipranjoto, Charis =245 ##$$a Masyarakat Wajo, Charis Hadipranjoto =260 ##$$a 1997 $b Jakarta =300 ##$$a 9 hlm, Ilus, 20cm =650 ##$$a Fiksi kanak-kanak =850 ##$$a NBPNMAT